LEADER 00818nam0-22003011i-450- 001 990001852540403321 005 20021010 035 $a000185254 035 $aFED01000185254 035 $a(Aleph)000185254FED01 035 $a000185254 100 $a20021010d--------km-y0itay50------ba 101 0 $aita 200 1 $aAcari nuovi$eManipulus IV (Acari di Giava)$fAntonio Berlese. 210 $aFirenze$c...$d1905. 215 $ap. 154-176$c3 tav.$d24 cm 300 $aEstr. da: REDIA, 2(2):154-176,1904 610 0 $aAcarina 676 $a595.42 700 1$aBerlese,$bAntonio$f<1863-1927>$070245 801 0$aIT$bUNINA$gRICA$2UNIMARC 901 $aBK 912 $a990001852540403321 952 $a60 MISC. B 79/19$b$fFAGBC 959 $aFAGBC 996 $aAcari nuovi$9413673 997 $aUNINA DB $aING01